Emili Mira i López : l'investigador de la personalitat humana / Montserrat Mira ; [traducció: Marta Hernández] l'investigador de la personalitat humana / Montserrat Mira ; [traducció:
ISBN:
84-7794-763-5
Publicado:
[Barcelona] :
Diputació Barcelona, Xarxa de Municipis, Àrea de Salut Pública i Consum, cop. 2004
Descripción Física:
91 p. ; 21 cm
Otros Autores:
Hernández, Marta
MARC
| LEADER | 00000nam a2200000Ia 4500 | ||
|---|---|---|---|
| 001 | 10482 | ||
| 008 | 160829s9999 xx 000 0 cat d | ||
| 020 | |a 84-7794-763-5 | ||
| 080 | |a C-2-355 | ||
| 100 | |a Mira, Montserrat |9 1668 | ||
| 245 | |a Emili Mira i López : |b l'investigador de la personalitat humana / Montserrat Mira ; [traducció: |b Marta Hernández] | ||
| 260 | |a [Barcelona] : |b Diputació Barcelona, Xarxa de Municipis, Àrea de Salut Pública i Consum, cop. 2004 | ||
| 300 | |a 91 p. ; |c 21 cm | ||
| 590 | |a Bibliografia sobre l'autor. | ||
| 590 | |a Annex | ||
| 600 | 0 | |a Mira y López, Emilio, |d 1896-1964 |9 30932 | |
| 650 | |a Psicologia |9 23225 | ||
| 650 | |a Psiquiatria I |9 47899 | ||
| 650 | |a Catalunya |9 67048 | ||
| 700 | 1 | |a Hernández, Marta |9 47900 | |
| 710 | |a Barcelona (Catalunya : Província). |b Àrea de Salut Pública i Consum |9 7348 | ||
| 901 | |a Arxiu | ||
| 942 | |n 1 | ||
| 952 | |0 0 |1 0 |4 0 |6 C2355 |7 1 |9 54183 |a Arxiu |b Arxiu |d 2016-12-01 |l 0 |o C-2-355 |p 10482 |r 2016-12-01 00:00:00 |w 2016-12-01 |y ARXIU | ||
| 999 | |c 58052 |d 58052 | ||